|
|
|
|
| LEADER |
01238nam a2200337 a 4500 |
| 001 |
EBC410318 |
| 003 |
MiAaPQ |
| 005 |
20200520144314.0 |
| 006 |
m o d | |
| 007 |
cr cn||||||||| |
| 008 |
091013s2005 ii a sb 000 0 eng d |
| 020 |
|
|
|z 9788122416169
|
| 020 |
|
|
|z 9788122425505
|
| 035 |
|
|
|a (MiAaPQ)EBC410318
|
| 035 |
|
|
|a (Au-PeEL)EBL410318
|
| 035 |
|
|
|a (CaPaEBR)ebr10318692
|
| 035 |
|
|
|a (CaONFJC)MIL199301
|
| 035 |
|
|
|a (OCoLC)476232612
|
| 040 |
|
|
|a MiAaPQ
|c MiAaPQ
|d MiAaPQ
|
| 050 |
|
4 |
|a HD69.P75
|b M57 2005
|
| 100 |
1 |
|
|a Mishra, R. C.
|q (Rama Chandra)
|
| 245 |
1 |
0 |
|a Modern project management
|h [electronic resource] /
|c R.C. Mishra, Tarun Soota.
|
| 260 |
|
|
|a New Delhi :
|b New Age International (P) Ltd., Publishers,
|c c2005.
|
| 300 |
|
|
|a xii, 220, [1] p. :
|b ill.
|
| 504 |
|
|
|a Includes bibliographical references (p. [221]).
|
| 533 |
|
|
|a Electronic reproduction. Ann Arbor, MI : ProQuest, 2015. Available via World Wide Web. Access may be limited to ProQuest affiliated libraries.
|
| 650 |
|
0 |
|a Project management.
|
| 655 |
|
4 |
|a Electronic books.
|
| 700 |
1 |
|
|a Soota, Tarun.
|
| 710 |
2 |
|
|a ProQuest (Firm)
|
| 856 |
4 |
0 |
|u https://ebookcentral.proquest.com/lib/matrademy/detail.action?docID=410318
|z Click to View
|